|
|
|
|
| LEADER |
00000cac a2200000 a 4500 |
| 001 |
200056 |
| 003 |
Ucuenca |
| 005 |
20230308215019.0 |
| 008 |
974082|1967 mx |||||r|||||||||||spa|| |
| 040 |
|
|
|b spa
|
| 041 |
1 |
|
|a es
|
| 082 |
0 |
|
|a 150.03
|
| 100 |
1 |
|
|9 24203
|a Rubinstein, J. L.
|
| 245 |
|
|
|a Principios de psicología general
|c J.L. Rubinstein, traducido por Sarolta Trowsky
|h imp
|n tomo 2
|
| 264 |
|
|
|a México
|b Grijalbo
|c 1967
|
| 300 |
|
|
|a 767 páginas:
|b ilu
|c 23 cm
|
| 490 |
|
|
|a Enciclopedia de Psicología
|n no. 2
|
| 505 |
1 |
|
|a Objeto de la psicología -- Problema de la evolución en psicología -- Sensación y percepción -- Memoria -- La imaginación -- El pensamiento -- El lenguaje -- La atención -- Las emociones -- La actuación -- La orientación de la personalidad --Las aptitudes o facultades.
|
| 852 |
|
|
|a UC-SALUD
|f Compra
|l 1
|m General
|p 19740822
|r 1
|t 200056
|d CDRS
|e CDRS
|g 150.3
|z 1974-40-82
|
| 942 |
|
|
|c CR
|0 3
|2 ddc
|r margoth.maza@ucuenca.edu.ec
|
| 999 |
|
|
|c 129531
|d 129531
|